LEADER 01204nam a2200277 u 4500 001 000000054629 003 CaOOAMICUS 005 20070226115708.0 008 001218s1984 it u000 u fre u 035 $a10864094 040 $aPUL(R)$bita 100 1 $aRostenne, Paul.$0(OLS)http://pul/name/38662 245 10$aInfini et indéfini :$bles deux pôles de la pensée /$cPaul Rostenne. 260 $aGenova :$bStudio Editoriale di Cultura,$cc1984. 300 $a63 p. ;$c24 cm 490 1 $aFilosofia oggi ;$v25 504 $aBibliografia in nota. 650 4$aFilosofia.$0(OLS)http://pul/subject/362 830 0$aFilosofia oggi ;$v25.$0(OLS)http://pul/title/16049 850 $aPUL 852 $aPUL$W1$xDP1 Fondo Giannini$y60$m1557 E 6$j71934$nBK-PRI$b $qFondi$B71934$CPULBib$Z2$F71934 $H $81 852 $aPUL$W1$xDP1 Filosofia 1$y19$m586 E 48$j138983$a2. copia$qStampati$B138222$CPULBib$Z2$F138222 $H52903 $82 941 1 $a1 941 1 $a8 996 $6245$aInfini et indéfini :$bles deux pôles de la pensée$9(OLS)http://pul/title/73225 996 $6260$aGenova :$bStudio Editoriale di Cultura$9(OLS)http://pul/publisher/57815 LEADER 02724nam a2200457 u 4500 001 000000000674 003 CaOOAMICUS 005 20070226104228.0 008 940513m19762000gw u000 u lat u 020 $a3-7873-0387-1 (Bd. 1. Lfg. 1) 020 $a3-7873-0586-6 (Bd. 1. Lfg. 2) 020 $a3-7873-1242-0 (Bd. 1. Lfg. 3a) 020 $a3-7873-1283-8 (Bd. 1. Lfg. 3b) 020 $a3-7873-1440-7 (Bd. 1. Lfg. 4) 035 $a10012713 040 $aBAV$bita$dIAR$dBAV 041 0 $ager$alat 245 00$aActa Cusana :$bQuellen zur Lebensgeschichte d. Nikolaus von Kues /$chrsg. im Auftr. d. Heidelberger Akad. d. Wiss. von Erich Meuthen u. Hermann Hallauer. 260 $aHamburg :$bMeiner,$c1976-<2000 >. 300 $av. <1, pt. 1; pt. 2 > ;$c29 cm 500 $aTesto in latino e tedesco. 505 1 $aBd. 1. Lfg. 1: 1401-1437 Mai 17 -- Lfg. 2: 1437-Mai 17-1450 Dezember 31 -- Lfg. 3a: 1451 Januar-September 5 -- Lfg. 3b: 1451 September 5-1452 März -- Lfg. 4: Literatur und Register zu Band I / hrsg. von Erich Meuthen. 600 14$aCusanus, Nicolaus,$ccard.,$d1401-1464.$0(OLS)http://pul/subject/1375 700 1 $aMeuthen, Erich,$d1929-2018.$0(OLS)http://pul/name/747 700 1 $aHallauer, Hermann.$0(OLS)http://pul/name/748 710 2 $aAkademie der Wissenschaften in Göttingen.$0(OLS)http://pul/name/749 850 $aPUL 852 $aPUL$W1$xSL Religione 1$y3$m48 D 2.1,1$j869$nBK-PRI$av. 1,1$qStampati$B869$CPULBib$Z2$F869 $H56398 $82 852 $aPUL$W1$xSL Religione 1$y3$m48 D 2.1,2$j123073$nBK-PRI$av. 1,2$qStampati$B122050$CPULBib$Z2$F122050 $H56399 $82 852 $aPUL$W1$xSL Religione 1$y3$m48 D 2.1,3a$j123074$nBK-PRI$av. 1,3a$qStampati$B122051$CPULBib$Z2$F122051 $H76632 $82 852 $aPUL$W1$xSL Religione 1$y3$m48 D 2.1,3b$j123075$nBK-PRI$av. 1,3b$qStampati$B122052$CPULBib$Z2$F122052 $H76631 $82 852 $aPUL$W1$xSL Religione 1$y3$m48 D 2.1,4$j123079$nBK-PRI$av. 1,4$qStampati$B122056$CPULBib$Z2$F122056 $82 941 1 $a8 961 $aINV: 82684 996 $6020$a3-7873-0387-1 (Bd. 1. Lfg. 1)$9(OLS)http://pul/number/911 996 $6020$a3-7873-0586-6 (Bd. 1. Lfg. 2)$9(OLS)http://pul/number/912 996 $6020$a3-7873-1242-0 (Bd. 1. Lfg. 3a)$9(OLS)http://pul/number/913 996 $6020$a3-7873-1283-8 (Bd. 1. Lfg. 3b)$9(OLS)http://pul/number/914 996 $6020$a3-7873-1440-7 (Bd. 1. Lfg. 4)$9(OLS)http://pul/number/915 996 $6245$aActa Cusana :$bQuellen zur Lebensgeschichte d. Nikolaus von Kues$9(OLS)http://pul/title/938 996 $6260$aHamburg :$bMeiner$9(OLS)http://pul/publisher/48261